[Event "17. Obert Int. Sant Marti 2015"]
[Site "Barcelona ESP"]
[Date "2015.07.15"]
[Round "3.34"]
[White "Ramirez Garcia, Jorge Alberto"]
[Black "Dominguez, Laura Lucia"]
[Result "1-0"]
[WhiteElo "2312"]
[BlackElo "2057"]
[PlyCount "117"]
[EventDate "2015.07.13"]
[EventType "swiss"]
[EventRounds "9"]
[EventCountry "ESP"]
[SourceTitle "Ajedrez en Madrid"]
[Source "lmi"]
[SourceDate "2013.07.13"]
[SourceVersion "1"]
[SourceVersionDate "2019.06.24"]
[SourceQuality "1"]

1. e4 c5 2. c3 d5 3. exd5 Qxd5 4. Nf3 Nc6 5. d4 Bf5 6. Be3 Nf6 7. Qa4 Bd7 8.
dxc5 Ne5 9. Qf4 Nxf3+ 10. Qxf3 Qxf3 11. gxf3 Bc6 12. Be2 Nd5 13. Bd2 e5 14. Rg1
g6 15. c4 Nf4 16. Bc3 f6 17. b4 Kf7 18. Nd2 Ne6 19. O-O-O Be7 20. Ne4 Bxe4 21.
fxe4 Rhd8 22. Rd5 Nf4 23. Re1 h5 24. Kb2 Rac8 25. Bf1 g5 26. Red1 Ke8 27. Bd3
Nxd3+ 28. R1xd3 h4 29. f3 a5 30. a3 axb4 31. axb4 Ra8 32. Rxd8+ Bxd8 33. Rd6
Ke7 34. Rd1 Ke6 35. h3 Be7 36. Kb3 Ra7 37. Bd2 Ra8 38. Be3 Ra6 39. Kb2 Ra8 40.
Ra1 Rd8 41. Kc2 Rd7 42. Ra8 Rc7 43. Kc3 Rd7 44. Rb8 Rc7 45. Kb3 Rd7 46. Kc3 Bd8
47. Bf2 f5 48. Rc8 fxe4 49. fxe4 Bf6 50. c6 bxc6 51. Rxc6+ Kf7 52. b5 Bd8 53.
b6 Ke7 54. Rh6 Rd1 55. Kc2 Rh1 56. b7 Bc7 57. Rh7+ Kd6 58. Ba7 Rh2+ 59. Kb3 1-0

[Event "17. Obert Int. Sant Marti 2015"]
[Site "Barcelona ESP"]
[Date "2015.07.15"]
[Round "3.35"]
[White "Forsa, Espen"]
[Black "Marchador Villalba, Jordi"]
[Result "1-0"]
[WhiteElo "2304"]
[BlackElo "2026"]
[PlyCount "41"]
[EventDate "2015.07.13"]
[EventType "swiss"]
[EventRounds "9"]
[EventCountry "ESP"]
[SourceTitle "Ajedrez en Madrid"]
[Source "lmi"]
[SourceDate "2013.07.13"]
[SourceVersion "1"]
[SourceVersionDate "2019.06.24"]
[SourceQuality "1"]

1. e4 c5 2. Nf3 e6 3. g3 a6 4. Bg2 Be7 5. O-O h5 6. h3 Nc6 7. d4 cxd4 8. Nxd4
Bf6 9. Be3 Nge7 10. c4 Nxd4 11. Bxd4 Nc6 12. Bxf6 Qxf6 13. Nc3 Rb8 14. f4 Qe7
15. e5 Qc5+ 16. Kh1 Ne7 17. Ne4 Qc7 18. Nd6+ Kf8 19. f5 exf5 20. Nxf5 b5 21.
Nd6 1-0

[Event "17. Obert Int. Sant Marti 2015"]
[Site "Barcelona ESP"]
[Date "2015.07.15"]
[Round "3.36"]
[White "Lopez Perdomo, Juan David"]
[Black "Pogorelov, Ruslan"]
[Result "0-1"]
[WhiteElo "2056"]
[BlackElo "2301"]
[PlyCount "132"]
[EventDate "2015.07.13"]
[EventType "swiss"]
[EventRounds "9"]
[EventCountry "ESP"]
[SourceTitle "Ajedrez en Madrid"]
[Source "lmi"]
[SourceDate "2013.07.13"]
[SourceVersion "1"]
[SourceVersionDate "2019.06.24"]
[SourceQuality "1"]

1. d4 Nf6 2. Nf3 e6 3. c4 b6 4. g3 Ba6 5. Qa4 Bb7 6. Bg2 c5 7. dxc5 bxc5 8. Bf4
Be7 9. Nc3 O-O 10. Rd1 a6 11. Qb3 Bc6 12. O-O Ra7 13. Rfe1 Rb7 14. Qa3 Qb6 15.
b3 Qb4 16. Qc1 Ne4 17. Nxe4 Bxe4 18. Bd6 Bxd6 19. Rxd6 Rb6 20. Red1 Rxd6 21.
Rxd6 Qb7 22. Qd2 f6 23. h4 Qc7 24. Ne1 Bxg2 25. Nxg2 Rf7 26. h5 Nc6 27. h6 g5
28. f4 gxf4 29. Nxf4 a5 30. Nh5 Kf8 31. Nf4 Ke7 32. Rd5 Ne5 33. Qe3 d6 34. Rd1
Qc6 35. Qd2 Rf8 36. Qxa5 Rg8 37. Qc3 Qe4 38. Rf1 Ng4 39. Rf3 Rg5 40. Qd3 Qxd3
41. Rxd3 Nxh6 42. a4 Nf5 43. Kf2 Rg8 44. e4 Nd4 45. Ne2 e5 46. Nc3 Ke6 47. Nd5
Rg7 48. Ne3 Rb7 49. Nf5 Nxf5 50. exf5+ Kxf5 51. Rf3+ Ke6 52. g4 Rg7 53. Rh3
Rxg4 54. Rxh7 d5 55. cxd5+ Kxd5 56. Rd7+ Ke6 57. Rb7 c4 58. Rb6+ Kf5 59. b4 c3
60. Ke2 Rd4 61. a5 c2 62. Rc6 Rxb4 63. Kd2 Ra4 64. a6 Ra2 65. Ke3 Rxa6 66. Rxc2
Ra3+ 0-1

[Event "17. Obert Int. Sant Marti 2015"]
[Site "Barcelona ESP"]
[Date "2015.07.15"]
[Round "3.37"]
[White "Vittorino, Carlo Giovanni"]
[Black "Severri Arrese, Carlos"]
[Result "1-0"]
[WhiteElo "2301"]
[BlackElo "1983"]
[PlyCount "51"]
[EventDate "2015.07.13"]
[EventType "swiss"]
[EventRounds "9"]
[EventCountry "ESP"]
[SourceTitle "Ajedrez en Madrid"]
[Source "lmi"]
[SourceDate "2013.07.13"]
[SourceVersion "1"]
[SourceVersionDate "2019.06.24"]
[SourceQuality "1"]

1. d4 d6 2. e4 Nf6 3. Nc3 c6 4. f4 Qa5 5. e5 Nd5 6. Bd2 dxe5 7. fxe5 Qb6 8. Nf3
Bf5 9. Na4 Qd8 10. Nh4 Bc8 11. Bd3 e6 12. Qh5 Be7 13. O-O Rf8 14. Nf3 h6 15.
Qg4 g5 16. Qh5 Na6 17. Qxh6 g4 18. Ng5 Nb6 19. Nxf7 Rxf7 20. Rxf7 Qxd4+ 21. Be3
Qxe5 22. Bg6 Kd7 23. Rd1+ Nd5 24. Bf4 Qe2 25. Rxe7+ Kxe7 26. Qg7+ 1-0

[Event "17. Obert Int. Sant Marti 2015"]
[Site "Barcelona ESP"]
[Date "2015.07.15"]
[Round "3.38"]
[White "Heinrici, Simon"]
[Black "Pomini, Aurelien"]
[Result "0-1"]
[WhiteElo "2046"]
[BlackElo "2298"]
[PlyCount "44"]
[EventDate "2015.07.13"]
[EventType "swiss"]
[EventRounds "9"]
[EventCountry "ESP"]
[SourceTitle "Ajedrez en Madrid"]
[Source "lmi"]
[SourceDate "2013.07.13"]
[SourceVersion "1"]
[SourceVersionDate "2019.06.24"]
[SourceQuality "1"]

1. e4 c5 2. Nf3 e6 3. d4 cxd4 4. Nxd4 a6 5. Nc3 b5 6. a3 Bb7 7. Be3 d6 8. f3
Nf6 9. Qd2 Nbd7 10. Be2 Rc8 11. g4 Nb6 12. h4 Nfd7 13. a4 b4 14. Nd1 d5 15.
exd5 Nxd5 16. c4 bxc3 17. Nxc3 Bb4 18. Rc1 O-O 19. Kf2 Nxe3 20. Kxe3 Qb6 21.
Kd3 Rfd8 22. Kc2 Nb8 0-1

[Event "17. Obert Int. Sant Marti 2015"]
[Site "Barcelona ESP"]
[Date "2015.07.15"]
[Round "3.39"]
[White "Nabuurs, Joep"]
[Black "Pettersen, Joar Gullestad"]
[Result "1/2-1/2"]
[WhiteElo "2293"]
[BlackElo "1968"]
[PlyCount "73"]
[EventDate "2015.07.13"]
[EventType "swiss"]
[EventRounds "9"]
[EventCountry "ESP"]
[SourceTitle "Ajedrez en Madrid"]
[Source "lmi"]
[SourceDate "2013.07.13"]
[SourceVersion "1"]
[SourceVersionDate "2019.06.24"]
[SourceQuality "1"]

1. e4 e6 2. d4 d5 3. Nc3 Nf6 4. Bg5 Bb4 5. exd5 Qxd5 6. Bxf6 gxf6 7. Qd2 Qa5 8.
Bd3 Nc6 9. Nge2 Bd7 10. O-O O-O-O 11. a3 Bxc3 12. bxc3 e5 13. Rfb1 Nxd4 14.
Nxd4 exd4 15. Be4 c6 16. Qxd4 f5 17. Bd3 Be6 18. Qf6 Rhg8 19. Rb4 Qd5 20. g3
Qf3 21. Qe5 Rxd3 22. cxd3 Bd5 23. Kf1 Qxd3+ 24. Ke1 Bc4 25. Rxc4 Qxc4 26. Qxf5+
Kc7 27. Qe5+ Kc8 28. Rd1 Qe6 29. Qxe6+ fxe6 30. Ke2 Kc7 31. Ke3 Rg5 32. Rd4 h5
33. h4 Ra5 34. a4 Rc5 35. Kd3 Rf5 36. f4 b5 37. axb5 1/2-1/2

[Event "17. Obert Int. Sant Marti 2015"]
[Site "Barcelona ESP"]
[Date "2015.07.15"]
[Round "3.40"]
[White "Dalo, Hermes"]
[Black "Papathanasiou, Elisavet"]
[Result "1-0"]
[WhiteElo "2274"]
[BlackElo "1951"]
[PlyCount "79"]
[EventDate "2015.07.13"]
[EventType "swiss"]
[EventRounds "9"]
[EventCountry "ESP"]
[SourceTitle "Ajedrez en Madrid"]
[Source "lmi"]
[SourceDate "2013.07.13"]
[SourceVersion "1"]
[SourceVersionDate "2019.06.24"]
[SourceQuality "1"]

1. Nf3 Nf6 2. c4 e6 3. Nc3 d5 4. d4 c5 5. cxd5 exd5 6. g3 Nc6 7. Bg2 h6 8. O-O
Be7 9. a3 O-O 10. dxc5 Bxc5 11. b4 Be7 12. Bb2 Be6 13. Nd4 Nxd4 14. Qxd4 Qd7
15. Rfd1 Rfd8 16. f4 Bf8 17. Rd2 a5 18. Rad1 axb4 19. axb4 Rac8 20. f5 Bxf5 21.
Nxd5 Nxd5 22. Bxd5 Qb5 23. Qf2 Bg6 24. Bxf7+ Bxf7 25. Rxd8 Rxd8 26. Rxd8 Qxb4
27. Bd4 Qb1+ 28. Qf1 Qb4 29. Qa1 Kh7 30. Qf1 Qe7 31. Qf5+ g6 32. Qf6 Qxf6 33.
Bxf6 Bc5+ 34. Bd4 Bxd4+ 35. Rxd4 b5 36. Rd7 Kg8 37. Rb7 Bc4 38. e4 Kf8 39. Kf2
Ke8 40. Ke3 1-0

[Event "17. Obert Int. Sant Marti 2015"]
[Site "Barcelona ESP"]
[Date "2015.07.15"]
[Round "3.41"]
[White "Uzumcu, Ahmet Utku"]
[Black "Fernandez Diaz, Cristian"]
[Result "1-0"]
[WhiteElo "2032"]
[BlackElo "2272"]
[PlyCount "49"]
[EventDate "2015.07.13"]
[EventType "swiss"]
[EventRounds "9"]
[EventCountry "ESP"]
[SourceTitle "Ajedrez en Madrid"]
[Source "lmi"]
[SourceDate "2013.07.13"]
[SourceVersion "1"]
[SourceVersionDate "2019.06.24"]
[SourceQuality "1"]

1. e4 c5 2. Nf3 Nc6 3. d4 cxd4 4. Nxd4 g6 5. Nc3 Bg7 6. Be3 Nf6 7. Bc4 O-O 8.
Bb3 d6 9. f3 Bd7 10. Qd2 Rc8 11. h4 h5 12. O-O-O Ne5 13. Bg5 Rc5 14. Kb1 b5 15.
g4 hxg4 16. h5 Nxh5 17. Nd5 Re8 18. Rxh5 gxh5 19. Qh2 gxf3 20. Qxh5 Bg4 21. Qh4
Rxd5 22. Bxd5 Qd7 23. Rh1 e6 24. Qh7+ Kf8 25. Bh6 1-0

[Event "17. Obert Int. Sant Marti 2015"]
[Site "Barcelona ESP"]
[Date "2015.07.15"]
[Round "3.42"]
[White "Ofstad, Sigurd"]
[Black "Ossa, Orlando"]
[Result "0-1"]
[WhiteElo "2014"]
[BlackElo "2249"]
[PlyCount "78"]
[EventDate "2015.07.13"]
[EventType "swiss"]
[EventRounds "9"]
[EventCountry "ESP"]
[SourceTitle "Ajedrez en Madrid"]
[Source "lmi"]
[SourceDate "2013.07.13"]
[SourceVersion "1"]
[SourceVersionDate "2019.06.24"]
[SourceQuality "1"]

1. f4 g6 2. Nf3 Bg7 3. d3 d5 4. g3 c6 5. Bg2 Nh6 6. c3 O-O 7. O-O Qb6+ 8. Kh1
Nf5 9. e4 dxe4 10. dxe4 Ne3 11. Bxe3 Qxe3 12. Na3 Qc5 13. Qb3 b5 14. Rac1 a5
15. Qd1 Be6 16. Nd4 Bxa2 17. Ra1 Bc4 18. Nxc4 Qxc4 19. e5 Ra7 20. Qf3 Rc8 21.
b3 Qc5 22. Rxa5 Rxa5 23. b4 Qa7 24. bxa5 Qxa5 25. f5 Qa2 26. Bh3 Rf8 27. fxg6
hxg6 28. e6 f5 29. Nxc6 Qxe6 30. Bg2 Bf6 31. Nb4 Kg7 32. Nd5 Nd7 33. Qd3 Rb8
34. Rd1 Nc5 35. Qc2 Qe5 36. Qf2 Ne4 37. Qa7 Rd8 38. Qa2 Nxc3 39. Qd2 Nxd1 0-1

[Event "17. Obert Int. Sant Marti 2015"]
[Site "Barcelona ESP"]
[Date "2015.07.15"]
[Round "3.43"]
[White "Supriya, Joshi"]
[Black "Larsson, Anders"]
[Result "1-0"]
[WhiteElo "1953"]
[BlackElo "2242"]
[PlyCount "69"]
[EventDate "2015.07.13"]
[EventType "swiss"]
[EventRounds "9"]
[EventCountry "ESP"]
[SourceTitle "Ajedrez en Madrid"]
[Source "lmi"]
[SourceDate "2013.07.13"]
[SourceVersion "1"]
[SourceVersionDate "2019.06.24"]
[SourceQuality "1"]

1. e4 e6 2. d4 d5 3. Nd2 Be7 4. Ngf3 Nf6 5. e5 Nfd7 6. Bd3 c5 7. c3 Nc6 8. O-O
cxd4 9. cxd4 Nb6 10. Re1 Bd7 11. Nf1 Rc8 12. Bd2 Nb4 13. Bb1 Nc4 14. Bc3 a5 15.
Ng3 h5 16. Nd2 Nxd2 17. Qxd2 b5 18. a3 Nc6 19. b4 a4 20. Ne2 Qb6 21. f4 g6 22.
Bd3 Rc7 23. Rac1 Na7 24. Bb2 Nc8 25. Rxc7 Qxc7 26. Rc1 Qb7 27. Nc3 O-O 28. h3
h4 29. Qe2 Na7 30. Rc2 Rc8 31. Bc1 Rc7 32. Bd2 Qc8 33. f5 gxf5 34. Bxf5 Rc4 35.
Qg4+ 1-0

[Event "17. Obert Int. Sant Marti 2015"]
[Site "Barcelona ESP"]
[Date "2015.07.15"]
[Round "3.44"]
[White "De Azua Arpi, Rafael"]
[Black "Stoeri, Simon"]
[Result "1/2-1/2"]
[WhiteElo "1916"]
[BlackElo "2229"]
[PlyCount "130"]
[EventDate "2015.07.13"]
[EventType "swiss"]
[EventRounds "9"]
[EventCountry "ESP"]
[SourceTitle "Ajedrez en Madrid"]
[Source "lmi"]
[SourceDate "2013.07.13"]
[SourceVersion "1"]
[SourceVersionDate "2019.06.24"]
[SourceQuality "1"]

1. d4 Nf6 2. c4 e6 3. Nf3 c5 4. e3 d5 5. Nc3 cxd4 6. exd4 dxc4 7. Bxc4 Be7 8.
O-O O-O 9. Qe2 a6 10. Rd1 b5 11. Bd3 Bb7 12. Bf4 Nc6 13. Rac1 b4 14. Ne4 Kh8
15. Nxf6 gxf6 16. d5 exd5 17. Bb1 f5 18. Bh6 Rg8 19. Rxc6 Bxc6 20. Ne5 Qe8 21.
Qh5 Rg6 22. Bxf5 Bf6 23. Nxc6 Qxc6 24. Bxg6 hxg6 25. Qh3 Kg8 26. Rc1 Re8 27. g3
Qa4 28. Rc8 Bxb2 29. Qg4 a5 30. Kg2 Kh7 31. Rc7 Kh8 32. Rxf7 Qc6 33. Qd7 Qxd7
34. Rxd7 Bc3 35. Rxd5 a4 36. Bd2 Re2 37. Bxc3+ bxc3 38. Rc5 Rxa2 39. Rxc3 a3
40. Rc7 Rb2 41. Ra7 a2 42. h4 Kg8 43. g4 Kf8 44. h5 gxh5 45. gxh5 Rb5 46. h6
Rh5 47. Rxa2 Rxh6 48. Ra7 Rf6 49. f3 Kg8 50. Kg3 Kf8 51. f4 Rf7 52. Ra8+ Kg7
53. Kg4 Rb7 54. Kg5 Rc7 55. f5 Rb7 56. Rd8 Ra7 57. Rd6 Rb7 58. Rg6+ Kh7 59.
Rh6+ Kg8 60. Kg6 Rb1 61. Rh5 Rg1+ 62. Kf6 Ra1 63. Rg5+ Kf8 64. Kg6 Rf1 65. f6
Rf2 1/2-1/2

[Event "17. Obert Int. Sant Marti 2015"]
[Site "Barcelona ESP"]
[Date "2015.07.15"]
[Round "3.45"]
[White "Perez Ruiz, Santiago"]
[Black "Chirivi C, Jenny Astrid"]
[Result "0-1"]
[WhiteElo "1885"]
[BlackElo "2218"]
[PlyCount "60"]
[EventDate "2015.07.13"]
[EventType "swiss"]
[EventRounds "9"]
[EventCountry "ESP"]
[SourceTitle "Ajedrez en Madrid"]
[Source "lmi"]
[SourceDate "2013.07.13"]
[SourceVersion "1"]
[SourceVersionDate "2019.06.24"]
[SourceQuality "1"]

1. d4 d5 2. Nf3 Nf6 3. c4 c6 4. Nc3 e6 5. Bg5 h6 6. Bh4 dxc4 7. e4 g5 8. Bg3 b5
9. e5 Nd5 10. Be2 Qa5 11. Qd2 Nd7 12. O-O Nxc3 13. bxc3 Nb6 14. Qc2 Nd5 15.
Rfc1 Ba3 16. h4 Bxc1 17. Rxc1 Qd8 18. hxg5 hxg5 19. Nd2 Nf4 20. Ne4 Rh6 21. Qd2
Nxe2+ 22. Qxe2 Bd7 23. Qf3 Qe7 24. Nd6+ Kf8 25. Qg4 f5 26. exf6 Qh7 27. f4 Rh1+
28. Kf2 Rxc1 29. Qxg5 Qc2+ 30. Kf3 Qd1+ 0-1

[Event "17. Obert Int. Sant Marti 2015"]
[Site "Barcelona ESP"]
[Date "2015.07.15"]
[Round "3.46"]
[White "Raja, Harshit"]
[Black "Feldman, Antony"]
[Result "1-0"]
[WhiteElo "2205"]
[BlackElo "1950"]
[PlyCount "53"]
[EventDate "2015.07.13"]
[EventType "swiss"]
[EventRounds "9"]
[EventCountry "ESP"]
[SourceTitle "Ajedrez en Madrid"]
[Source "lmi"]
[SourceDate "2013.07.13"]
[SourceVersion "1"]
[SourceVersionDate "2019.06.24"]
[SourceQuality "1"]

1. e4 c5 2. c3 d5 3. exd5 Qxd5 4. d4 Nf6 5. Nf3 e6 6. Na3 cxd4 7. Nb5 Na6 8.
cxd4 Be7 9. Be2 O-O 10. O-O Bd7 11. Nc3 Qd6 12. Ne5 Be8 13. Bf4 Qd8 14. Bf3 Nd5
15. Nxd5 exd5 16. Qb3 Nc7 17. Rac1 Ne6 18. Be3 Bg5 19. Qxd5 Qxd5 20. Bxd5 Nf4
21. Bxf4 Bxf4 22. Rcd1 Rd8 23. Bxb7 Rb8 24. Bd5 Rxb2 25. Nd3 Rb5 26. Nxf4 g5
27. Nh5 1-0

[Event "17. Obert Int. Sant Marti 2015"]
[Site "Barcelona ESP"]
[Date "2015.07.15"]
[Round "3.47"]
[White "Sanchez Sandoval, Gonzalo"]
[Black "Dougas Chavarria, Nestor"]
[Result "1-0"]
[WhiteElo "2205"]
[BlackElo "1809"]
[PlyCount "75"]
[EventDate "2015.07.13"]
[EventType "swiss"]
[EventRounds "9"]
[EventCountry "ESP"]
[SourceTitle "Ajedrez en Madrid"]
[Source "lmi"]
[SourceDate "2013.07.13"]
[SourceVersion "1"]
[SourceVersionDate "2019.06.24"]
[SourceQuality "1"]

1. e4 c5 2. Ne2 d6 3. g3 Nc6 4. Bg2 g6 5. O-O Bg7 6. c3 Nf6 7. d4 cxd4 8. cxd4
O-O 9. Nbc3 a6 10. h3 Bd7 11. d5 Na5 12. b3 b5 13. Nd4 Qc8 14. Ba3 Bxh3 15. Rc1
Bxg2 16. Kxg2 Qb7 17. Bb4 Qb6 18. Re1 Nb7 19. Nc6 Rfe8 20. e5 dxe5 21. Bxe7 Na5
22. Bxf6 Bxf6 23. Ne4 Bg7 24. Nd6 Rf8 25. Nc8 Rfxc8 26. Ne7+ Kh8 27. Rxc8+ Rxc8
28. Nxc8 Qc5 29. d6 Qxc8 30. d7 Qa8+ 31. Kh2 Nc6 32. Qd5 Bf6 33. Rc1 Qa7 34.
Rxc6 Qxf2+ 35. Qg2 Qe3 36. Rxf6 Qh6+ 37. Kg1 Qc1+ 38. Rf1 1-0

[Event "17. Obert Int. Sant Marti 2015"]
[Site "Barcelona ESP"]
[Date "2015.07.15"]
[Round "3.49"]
[White "Glimbrant, Torbjorn"]
[Black "Kakumanu, Kautil Prasad"]
[Result "0-1"]
[WhiteElo "2197"]
[BlackElo "1616"]
[PlyCount "86"]
[EventDate "2015.07.13"]
[EventType "swiss"]
[EventRounds "9"]
[EventCountry "ESP"]
[SourceTitle "Ajedrez en Madrid"]
[Source "lmi"]
[SourceDate "2013.07.13"]
[SourceVersion "1"]
[SourceVersionDate "2019.06.24"]
[SourceQuality "1"]

1. e4 c5 2. Nf3 Nc6 3. d4 cxd4 4. Nxd4 g6 5. c4 Bg7 6. Be3 Nf6 7. Nc3 O-O 8.
Be2 d6 9. O-O Bd7 10. Qd2 Nxd4 11. Bxd4 Bc6 12. f3 a5 13. b3 Nd7 14. Bxg7 Kxg7
15. Nd5 Bxd5 16. exd5 Qb6+ 17. Kh1 Nc5 18. Rab1 Rfe8 19. f4 Ne4 20. Qb2+ Kg8
21. Bf3 Nc5 22. g4 Nd7 23. Rbe1 Rac8 24. Qd2 Qb4 25. Qf2 a4 26. Re3 Nc5 27. f5
Nd7 28. Bd1 Ne5 29. g5 axb3 30. axb3 Qc5 31. Rfe1 Nd3 32. Qh4 Nxe1 33. Rh3 h5
34. fxg6 fxg6 35. Bxh5 Rf8 36. Bf3 Kf7 37. Qxe1 Ke8 38. Qe6 Ra8 39. Qxg6+ Kd7
40. Qe6+ Kd8 41. Qe1 Qd4 42. Be4 Ra1 43. Bb1 Qb2 0-1

[Event "17. Obert Int. Sant Marti 2015"]
[Site "Barcelona ESP"]
[Date "2015.07.15"]
[Round "3.50"]
[White "Rodriguez, Sofia"]
[Black "Juan Bartroli, Pau"]
[Result "0-1"]
[WhiteElo "1783"]
[BlackElo "2195"]
[PlyCount "56"]
[EventDate "2015.07.13"]
[EventType "swiss"]
[EventRounds "9"]
[EventCountry "ESP"]
[SourceTitle "Ajedrez en Madrid"]
[Source "lmi"]
[SourceDate "2013.07.13"]
[SourceVersion "1"]
[SourceVersionDate "2019.06.24"]
[SourceQuality "1"]

1. e4 c6 2. d4 d5 3. Nd2 dxe4 4. Nxe4 Bf5 5. Ng3 Bg6 6. h4 h6 7. Nf3 Nd7 8. h5
Bh7 9. Bd3 Bxd3 10. Qxd3 e6 11. Bd2 Ngf6 12. O-O-O Be7 13. Kb1 O-O 14. Ne4 Nxe4
15. Qxe4 Nf6 16. Qe2 Qd5 17. Rdg1 c5 18. g4 Qe4 19. Be3 cxd4 20. Nxd4 Nd5 21.
Qd2 Bf6 22. Nb3 Rfd8 23. Qc1 Rdc8 24. Re1 Qa4 25. Nc5 Qc4 26. g5 hxg5 27. Nxb7
Nc3+ 28. bxc3 Qxc3 0-1

[Event "17. Obert Int. Sant Marti 2015"]
[Site "Barcelona ESP"]
[Date "2015.07.15"]
[Round "3.51"]
[White "Kunal, Kakumanu Prasad"]
[Black "Fernandez Madrid, Carlos"]
[Result "1/2-1/2"]
[WhiteElo "1713"]
[BlackElo "2168"]
[PlyCount "62"]
[EventDate "2015.07.13"]
[EventType "swiss"]
[EventRounds "9"]
[EventCountry "ESP"]
[SourceTitle "Ajedrez en Madrid"]
[Source "lmi"]
[SourceDate "2013.07.13"]
[SourceVersion "1"]
[SourceVersionDate "2019.06.24"]
[SourceQuality "1"]

1. c4 c5 2. Nc3 Nf6 3. Nf3 g6 4. g3 Bg7 5. Bg2 O-O 6. O-O Nc6 7. a3 d5 8. cxd5
Nxd5 9. Nxd5 Qxd5 10. d3 Qh5 11. Qc2 Bg4 12. Be3 Nd4 13. Bxd4 cxd4 14. Qc7 e5
15. Qxb7 Rab8 16. Qxa7 Rxb2 17. Rfe1 Bf6 18. Rab1 Ra2 19. Ra1 Rxa1 20. Rxa1 e4
21. dxe4 d3 22. Re1 Bc3 23. h3 Bxh3 24. Rc1 d2 25. Rd1 Be6 26. Qb6 Ba5 27. Qe3
Rd8 28. Ng5 Rc8 29. Nxe6 Rc1 30. Rxc1 dxc1=Q+ 31. Qxc1 fxe6 1/2-1/2

[Event "17. Obert Int. Sant Marti 2015"]
[Site "Barcelona ESP"]
[Date "2015.07.15"]
[Round "3.52"]
[White "Becerra, Juan David"]
[Black "Bernat, Ernest"]
[Result "1-0"]
[WhiteElo "2178"]
[BlackElo "1943"]
[PlyCount "71"]
[EventDate "2015.07.13"]
[EventType "swiss"]
[EventRounds "9"]
[EventCountry "ESP"]
[SourceTitle "Ajedrez en Madrid"]
[Source "lmi"]
[SourceDate "2013.07.13"]
[SourceVersion "1"]
[SourceVersionDate "2019.06.24"]
[SourceQuality "1"]

1. e4 e5 2. Nc3 Nc6 3. g3 g6 4. Bg2 Bg7 5. Nge2 Nge7 6. h4 h5 7. d3 d6 8. Nd5
Nxd5 9. exd5 Nd4 10. Nxd4 exd4 11. Qe2+ Qe7 12. Qxe7+ Kxe7 13. Bg5+ f6 14. Bf4
Bd7 15. Kd2 Kf7 16. Rac1 f5 17. c3 dxc3+ 18. bxc3 Bh6 19. Bxh6 Rxh6 20. c4 b6
21. d4 Rb8 22. Rc2 Rhh8 23. Rhc1 Rhe8 24. c5 bxc5 25. dxc5 Ba4 26. cxd6 cxd6
27. Rc7+ Kf6 28. Kc3 Re2 29. Bf1 Rxa2 30. Bc4 Rxf2 31. Rxa7 Be8 32. Re1 Bf7 33.
Ree7 Bg8 34. Red7 Rb6 35. Rd8 Rf3+ 36. Kd4 1-0

[Event "17. Obert Int. Sant Marti 2015"]
[Site "Barcelona ESP"]
[Date "2015.07.15"]
[Round "3.53"]
[White "Jocher, Georg"]
[Black "Mateus, Martha"]
[Result "1-0"]
[WhiteElo "1931"]
[BlackElo "2172"]
[PlyCount "101"]
[EventDate "2015.07.13"]
[EventType "swiss"]
[EventRounds "9"]
[EventCountry "ESP"]
[SourceTitle "Ajedrez en Madrid"]
[Source "lmi"]
[SourceDate "2013.07.13"]
[SourceVersion "1"]
[SourceVersionDate "2019.06.24"]
[SourceQuality "1"]

1. Nf3 Nf6 2. g3 c5 3. Bg2 Nc6 4. O-O d6 5. d4 cxd4 6. Nxd4 Bd7 7. c4 e5 8. Nc2
h6 9. Nc3 Be7 10. b3 Be6 11. Ba3 O-O 12. Qd2 Qd7 13. Rfd1 Rfd8 14. Ne3 Bf8 15.
Qb2 Nd4 16. Rd2 Rab8 17. Rad1 Ne8 18. Ned5 Bh3 19. e3 Bxg2 20. Kxg2 Ne6 21. h4
f5 22. f3 Qf7 23. Qc2 Kh8 24. Rf2 Rdc8 25. Qe2 Rc6 26. Bb2 Rcc8 27. Ba3 Rd8 28.
Bb2 Kg8 29. Ba3 Rbc8 30. Qd3 g6 31. Rh1 Kh8 32. g4 h5 33. Bb2 Bg7 34. Kf1 N8c7
35. Nxc7 Nxc7 36. Rhh2 d5 37. gxf5 gxf5 38. Rc2 dxc4 39. Qxc4 Qxc4+ 40. bxc4 a6
41. Rhg2 b5 42. Rg5 b4 43. Na4 Nd5 44. Rxh5+ Kg8 45. Ke2 f4 46. Bxe5 Nxe3 47.
Rc1 Nxc4 48. Bxg7 Rd2+ 49. Ke1 Re8+ 50. Be5 Rd4 51. Rh8+ 1-0

[Event "17. Obert Int. Sant Marti 2015"]
[Site "Barcelona ESP"]
[Date "2015.07.15"]
[Round "3.54"]
[White "Perez Otero, Juan Antonio"]
[Black "Saiz Rodrigo, Fernando"]
[Result "1/2-1/2"]
[WhiteElo "2169"]
[BlackElo "1937"]
[PlyCount "113"]
[EventDate "2015.07.13"]
[EventType "swiss"]
[EventRounds "9"]
[EventCountry "ESP"]
[SourceTitle "Ajedrez en Madrid"]
[Source "lmi"]
[SourceDate "2013.07.13"]
[SourceVersion "1"]
[SourceVersionDate "2019.06.24"]
[SourceQuality "1"]

1. d4 d5 2. Nf3 Nf6 3. Bg5 e6 4. Nbd2 Be7 5. e3 Nbd7 6. Bd3 h6 7. Bh4 b6 8. c3
Bb7 9. Qc2 O-O 10. h3 c5 11. O-O Qc7 12. Bg3 Bd6 13. Bxd6 Qxd6 14. Rfe1 e5 15.
dxe5 Nxe5 16. Nxe5 Qxe5 17. Rad1 Rfe8 18. Bf1 Qc7 19. g3 Rac8 20. Nb3 a5 21.
Bg2 Ne4 22. Nd2 Nf6 23. c4 Rcd8 24. cxd5 Nxd5 25. a3 b5 26. Ne4 c4 27. Rd4 f5
28. Nd2 Nb4 29. Rxd8 Nxc2 30. Rxe8+ Kf7 31. Rc1 Kxe8 32. Rxc2 Bxg2 33. Kxg2 Qd7
34. Nf3 Qd3 35. Nd4 b4 36. axb4 axb4 37. Rc1 c3 38. bxc3 bxc3 39. Rc2 g5 40.
Re2 Kf7 41. f4 Kf6 42. Kf2 h5 43. fxg5+ Kxg5 44. Nf3+ Kf6 45. Nd4 h4 46. gxh4
f4 47. Nc2 Qh7 48. exf4 Qxh4+ 49. Kg2 Qh7 50. Rf2 Qg6+ 51. Kh2 Qe4 52. f5 Qd3
53. Kg2 Qe4+ 54. Kg3 Qd3+ 55. Kg2 Qe4+ 56. Kg1 Qd3 57. Kh2 1/2-1/2

[Event "17. Obert Int. Sant Marti 2015"]
[Site "Barcelona ESP"]
[Date "2015.07.15"]
[Round "3.55"]
[White "Perez Pastora, Evarist"]
[Black "Aprea, Daniele"]
[Result "1/2-1/2"]
[WhiteElo "2158"]
[BlackElo "1923"]
[PlyCount "76"]
[EventDate "2015.07.13"]
[EventType "swiss"]
[EventRounds "9"]
[EventCountry "ESP"]
[SourceTitle "Ajedrez en Madrid"]
[Source "lmi"]
[SourceDate "2013.07.13"]
[SourceVersion "1"]
[SourceVersionDate "2019.06.24"]
[SourceQuality "1"]

1. e4 e6 2. d4 d5 3. Nc3 Nf6 4. e5 Nfd7 5. f4 c5 6. Nf3 Nc6 7. Be3 a6 8. Qd2 b5
9. dxc5 Bxc5 10. O-O-O Qa5 11. Kb1 Bb7 12. f5 b4 13. Ne4 Be7 14. fxe6 Ndxe5 15.
exf7+ Nxf7 16. Neg5 O-O 17. Nxf7 Rxf7 18. Qxd5 Rd8 19. Bc4 Rxd5 20. Bxd5 Nd8
21. Bxf7+ Nxf7 22. Rd7 Bxf3 23. Rxe7 Kf8 24. Rxf7+ Kxf7 25. Rf1 Qd5 26. Rxf3+
Kg8 27. Rg3 Qd1+ 28. Bc1 h6 29. h3 Kh7 30. Rb3 a5 31. a3 Qe1 32. axb4 axb4 33.
Rf3 Qe2 34. Rg3 Qf2 35. Rg4 Qe1 36. b3 g5 37. Kb2 Qc3+ 38. Kb1 Qe1 1/2-1/2